Responses for Show #3077 - Tuesday, January 6, 1998

Contestants

[<< previous game]

Susan Holoff, a manufacturer from Encino, California

Michael Forrest, an actor from Silver Spring, Maryland

Bill Unterborn, a visual merchandiser from Palmyra, New York (whose 3-day cash winnings total $31,899)

[next game >>]

Jeopardy! Round responses

NOVEL CHARACTERS
FOOD & DRINK
3-LETTER BANDS
AROUND THE WORLD
SO YOU'VE JOINED THE NAVY
TAKING A "BATH"
    $100 3
Robinson Crusoe

Susan
    $100 23
Instant tea

Bill
    $100 1
CCR (Creedence Clearwater Revival)

Bill
    $100 8
Indonesia

Michael
    $100 16
Boot camp

Triple Stumper
    $100 9
Birdbath

Bill
    $200 4
Lestat the vampire

Bill
    $200 24
(we have a minute to go...)

Whitman's

Michael
    $200 2
N.W.A.

Susan
    $200 11
Quebec

Michael
    $200 17
(Bill: What is run?)

swim

BillSusan
    $200 10
the bathwater

Susan
    $300 15
George Babbitt

Michael
    $300 25
(S: What are kidneys?)

Tongue

MichaelSusan
    $300 5
Earth, Wind & Fire

Bill
    $300 20
South Africa

Bill
    $300 28
(Michael: What is the International Date Line?)

the equator

MichaelSusan
    $300 12
(S: What is a submarine?)

Bathyscape

BillSusan
    $400 18
Scout

Susan
    $400 26
Butter

Michael
    $500 6
TLC

Bill
    $400 21
(M: What is Sri Lanka?)

Bangladesh

Michael
Triple Stumper
    $400 29
(buzzer sounds)

Bulkheads

Triple Stumper
    $400 13
Bathos

Triple Stumper
    $500 19
(Susan: What is Laura?)
(Alex: Whoa... we're going to accept that!)

Lara

Susan
    $500 27
Grenadine syrup

Bill
    $500 7
REO Speedwagon

Bill
    $500 22
Cyprus

Michael
    $500 14
Stop bath

Triple Stumper

Scores at the first commercial break (after clue 14):

Bill Michael Susan
$2,000 $300 $200

Scores at the end of the Jeopardy! Round:

Bill Michael Susan
$2,700 $1,300 $1,300

Double Jeopardy! Round responses

FUN WITH OPERA
TOUGH TV
CHEM LAB
COLORFUL WORDS & PHRASES
HISTORIC JOHNS
MEMORABLE MADAMES
    $200 1
"Aida"

Bill
    $200 2
Lassie

Michael
    $200 15
Black lead

Triple Stumper
    $200 25
Brown bagging

Bill
    $200 10
John Wilkes Booth

Michael
    $200 18
(Michael: Who is Madame Pompidou?)

Madame Pompadour

Michael
Triple Stumper
    $400 3
Carmen

Michael
    $400 6
Rhea Perlman

Bill
    $400 16
Lactose

Michael
    $400 26
Red carpet

Bill
    $400 11
John Glenn

Michael
    $400 20
Madame Tussaud

Bill
    $600 4
Maurice Ravel

Susan
    $1,000 7
the Ponderosa (on Bonanza)

Bill
    $600 17
Hydrogen peroxide

Susan
    $600 27
[The end-of-round signal sounds.]

"Purple Haze"

Bill
    $600 12
John Rolfe & John Smith

Triple Stumper
    $600 21
(we have about a minute left...)

Shirley MacLaine

Michael
    $800 5
Maurice Sendak

Bill
    $800 8
(Susan: Who is Anita Louise?)
(Bill: Who is Tina Louise?)

Ginger (the character Tina Louise played)

BillMichaelSusan
    $800 23
Electron

Michael
    $800 13
John Knox

Michael
    $100 22
Marie Curie

Michael
    $1000 9
Hair

Michael
    $1000 19
Paper Moon

Susan
    $1000 24
Flashpoint

Triple Stumper
    $1000 14
John Marshall

Michael

Scores at the end of the Double Jeopardy! Round:

Bill Michael Susan
$5,900 $7,800 $2,700

[wagering suggestions for these scores]

Final Jeopardy! Round responses

THE OSCARS
SusanWho is Richard Burton?
$2,700
BillWho is Al Pacino
$5,900
MichaelWho is Spencer Tracy
$4,100
Jack Nicholson or Sir Laurence Olivier

Final scores:

Bill Michael Susan
$0 $3,700 $0
2nd place: Trip to Mexico City & Ixtapa New champion: $3,700 3rd place: DuPont/Coleman Camping Equipment

Game dynamics:

Coryat scores:

Bill Michael Susan
$5,400 $8,500 $2,700
18 R
(including 2 DDs),
2 W
19 R
(including 1 DD),
3 W
10 R,
3 W

Combined Coryat: $16,600

[game clues] [game scores] [suggest correction]

Game tape date: Unknown
The J! Archive is created by fans, for fans. Scraping, republication, monetization, and malicious use prohibited; this site may use cookies and collect identifying information. See terms. The Jeopardy! game show and all elements thereof, including but not limited to copyright and trademark thereto, are the property of Jeopardy Productions, Inc. and are protected under law. This website is not affiliated with, sponsored by, or operated by Jeopardy Productions, Inc. Join the discussion at JBoard.tv.